000 01315nam a2200385 i 4500
001 bg
003 KOSZ 005
005 20230322100629.0
008 050505s2004 pl a f f |000 0 pol d
020 _a8388608703
040 _cKOSZ 005/HR
_aKOSZ 005/HR
_dKOSZ 005/HR
080 _a621.3.049.77
080 _a004.42
080 _a004.94
080 _a517.9
080 _a(075.8)
100 1 _aLipiński, Wojciech
_d(1944-2014)
_eAutor
245 1 0 _aWspomagana komputerowo analiza obwodów elektronicznych /
_cWojciech Lipiński.
250 _aWyd. 2 rozsz.
260 _aSzczecin :
_bZachodniopomorskie Centrum Edukacyjne,
_c2004.
300 _a68 s. :
_brys., wykr. ;
_c24 cm.
336 _2rdacontent
_aTekst
_btxt
337 _2rdamedia
_aBez urządzenia pośredniczącego
_bn
338 _2rdacarrier
_aWolumin
_bnc
380 _aKsiążki
504 _aBibliogr. s. 68.
650 4 _aMathcad
650 4 _aPrzekształcenie Fouriera
_xstosowanie.
650 4 _aPrzekształcenie Laplace'a
_xstosowanie.
655 4 _aPodręczniki akademickie
650 4 _aUkład elektroniczny
650 4 _aSPICE (program komputerowy)
856 _uhttps://koha.tu.koszalin.pl/cgi-bin/koha/opac-detail.pl?biblionumber=44292
_yKatalog online BPK
942 _cKS
_2UKD
999 _c44292
_d44292